Poesía y literatura I y II (Registro nro. 12757)

Detalles MARC
000 -ENCABEZADO
Número de control [NR] 00639nam a2200193Ia 4500
008 - DE LONGITUD FIJA DE DATOS DE ELEMENTOS - INFORMACIÓN GENERAL
Elementos de longitud fija [NR] 130821s1975 sp gr spa
040 ## - FUENTE DE CATALOGACION [NR]
Agencia de catalogación original [NR] Co-BoUCM
Idioma de catalogación [NR] spa
041 ## - CODIGO DE IDIOMA [R]
Código de idioma para texto/pista de sonido o título separado [R] Español
100 ## - ASIENTO PRINCIPAL--NOMBRE PERSONAL [NR]
Nombre personal [NR] Cernuda, Luis
Fechas asociadas con el nombre [NR] 1902-1963
ID Autoridad 114849
245 ## - MENCION DE TITULO [NR]
Título [NR] Poesía y literatura I y II
Mención de responsabilidad, etc. [NR] Luis Cernuda
260 ## - PUBLICACION, DISTRIBUCION, ETC. (PIE DE IMPRENTA) [R]
Lugar de publicación, distribución, etc. [R] Barcelona (España)
Nombre del editor, distribuidor, etc. [R] Seix-Barral
Fecha de publicación, distribución, etc. [R] 1975
300 ## - DESCRIPCION FISICA [R]
Extensión [R] 406 páginas
490 ## - MENCION DE SERIE [R]
Mención de serie [R] Biblioteca breve de bolsillo. Libros de enlace; 94
500 ## - NOTA GENERAL [R]
Nota general [NR] Notas al pie de página
650 04 - ASIENTO SECUNDARIO DE MATERIA - TERMINO TEMATICO [R]
Término temático o nombre geográfico como elemento de entrada [NR] Literatura española
9 (RLIN) 7793
650 04 - ASIENTO SECUNDARIO DE MATERIA - TERMINO TEMATICO [R]
Término temático o nombre geográfico como elemento de entrada [NR] Poesía española
9 (RLIN) 21809
942 ## - ELEMENTOS DE ENTRADA AGREGADOS (KOHA)
Tipo de ítem principal el descrito en 300a Libro
Tema principal Literatura
Edición 1
Parte restante de la signatura top. C37
Sistema de clasificación DEWEY
Clasificación 861.6
Título oculto en OPAC No
Existencias
Fecha de último préstamo Total préstamos Signatura topográfica Código de barras Última vez visto Ejemplar Price effective from Tipo de ítem Perdido Sistema de clasificación Dañado No prestable Tipo de ítem específico Suprimido Ubicación habitual Ubicación actual Localización Fecha de creación Forma de adquisición Costo
03/10/2022 2 861.6 C37 100017608 09/12/2025 Ej.1 03/02/2013 Libro   DEWEY     Libro   Claustro Claustro 2do piso 28/02/2003 Compra 500.00